| 000 | 00937cam a2200289Ia 4500 | ||
|---|---|---|---|
| 001 | 81067 | ||
| 005 | 20230410101940.0 | ||
| 008 | 880919s1986 dr af 000 1 spa d | ||
| 035 | _a(OCoLC)ocm18500871 | ||
| 040 |
_aPIT _cPIT _dOCL _dDIBAM _dOCLCG _dDRB _dOCLCG |
||
| 035 | _a(OCoLC)18500871 | ||
| 050 | 1 | 4 |
_a118 F 1938.5 _bP328n 1986 |
| 082 | 0 | 0 | _a972.93053 |
| 100 | 1 |
_aPaulino, Aliro, _d1931- |
|
| 245 | 1 | 3 |
_aLa noche que Trujillo volvió / _cAliro Paulino, hijo. |
| 250 | _a4a ed. | ||
| 260 |
_aSanto Domingo : _bMundo Diplomático Internacional, _c1986. |
||
| 300 |
_a103 p., [6] p. of plates : _bill. ; _c22 cm. |
||
| 600 | 2 | 0 |
_aTrujillo Molina, Rafael Leonidas, _d1891-1961. |
| 600 | 2 | 4 | _aTrujillo Molina, Rafael Leonidas, 1891-1961. |
| 651 | 4 |
_aRepública Dominicana _xHistoria _yEra de Trujillo*1930-1961 |
|
| 650 | 4 | _aCFB | |
| 650 | 4 | _aColección Font Bernard | |
| 942 |
_2lcc _cbk |
||
| 994 |
_aC0 _bDRFGD |
||
| 946 | _ash | ||
| 999 |
_c16257 _d16257 |
||